000 00628nam a2200217Ii 4500
003 JO-AjNU
008 230606s9999||||xx |||||||||||||| ||und||
020 _a978-0-03-20741-8
040 _aJO-AjNU
_beng
_erda
_cJO-AjNU
041 _aeng
050 1 4 _aQA76.9.A25.R356 2014
100 3 _aRANSOME, JAMES, ANMOL MISRA,
_eauthor
_96743
245 0 0 _aCORE SOFTWARE SECURITY: SECURITY AT THE SOURCE
250 _a1ed
264 3 1 _aLondon:CRC Press, 2014
300 _a387p
336 _atext
_btxt
_2rdacontent
337 _aunmediated
_bn
_2rdamedia
338 _avolume
_bnc
_2rdacarrier
650 4 _aSOFTWARE SECURITY
_96744
999 _aE3502
_c3495
_d3495